Autocratic Countries - Statistics

General Stats
  • This quiz has been taken 18 times
  • The average score is 60 of 85
Answer Stats
Hint Answer % Correct
Electoral Iran
93%
Electoral Pakistan
93%
Closed Cuba
87%
Electoral Iraq
87%
Clsoed North Korea
87%
Electoral Russia
87%
Closed Saudi Arabia
87%
Electoral Turkey
87%
Electoral Venezuela
87%
Electoral Algeria
80%
Closed Belarus
80%
Electoral Chad
80%
Closed China
80%
Electoral India
80%
Closed Laos
80%
Closed Myanmar
80%
Closed Niger
80%
Closed South Sudan
80%
Closed Yemen
80%
Electoral Azerbaijan
73%
Electoral Benin
73%
Electoral Cambodia
73%
Electoral Cameroon
73%
Electoral Comoros
73%
Electoral Democratic Republic of the Congo
73%
Electoral Equatorial Guinea
73%
Closed Gabon
73%
Closed Guinea
73%
Electoral Guinea-Bissau
73%
Electoral Indonesia
73%
Closed Kuwait
73%
Closed Lebanon
73%
Closed Libya
73%
Electoral Mauritania
73%
Closed Morocco
73%
Electoral Mozambique
73%
Closed Oman
73%
Closed Qatar
73%
Electoral Republic of the Congo
73%
Electoral Sierra Leone
73%
Closed Somali
73%
Closed Sudan
73%
Closed Syria
73%
Electoral Tajikistan
73%
Electoral Thailand
73%
Electoral Togo
73%
Closed Turkmenistan
73%
Closed United Arab Emirates
73%
Closed Uzbekistan
73%
Closed Vietnam
73%
Electoral Zimbabwe
73%
Closed Afghanistan
67%
Electoral Angola
67%
Closed Bahrain
67%
Electoral Burundi
67%
Electoral Djibouti
67%
Closed Eritrea
67%
Closed Eswatini
67%
Electoral Georgia
67%
Closed Haiti
67%
Electoral Hungary
67%
Electoral Ivory Coast
67%
Closed Jordan
67%
Electoral Madagascar
67%
Closed Mali
67%
Electoral Mauritius
67%
Electoral Papua New Guinea
67%
Electoral Rwanda
67%
Electoral Tanzania
67%
Electoral Tunisia
67%
Electoral Uganda
67%
Closed Burkina Faso
60%
Electoral Ethiopia
60%
Electoral Kazakhstan
60%
Electoral Mongolia
60%
Electoral Nicaragua
60%
Electoral Philippines
60%
Electoral Serbia
60%
Electoral Singapore
60%
Electoral Ukraine
60%
Electoral Central African Republic
53%
Electoral El Salvador
53%
Electoral Guyana
53%
Varies by Region Palestine
27%
Electoral Bangledesh
7%
No matching quizzes found
Score Distribution
Percent of People with Each Score
Percentile by Number Answered
Your Score History
You have not taken this quiz